Umelka - interiér

Guardado en:
Detalles Bibliográficos
Autor principal: Meliško, Michal (Autor)
Otros Autores: Mazalán, Peter (Orientador)
Formato: Manuscrito Libro
Lenguaje:eslovaco
Publicado: Bratislava 2022
Materias:
Acceso en línea:http://is.stuba.sk/zp/portal_zp.pl?podrobnosti=165260
Etiquetas: Agregar Etiqueta
Sin Etiquetas, Sea el primero en etiquetar este registro!

MARC

LEADER 00000ntm a22000003a 4500
001 stuzp89727
003 SK-STU
005 20221024083603.4
007 ta
008 150427s2015----xo-----f-mn---000-0-slo-d
040 |a STU  |b slo 
041 0 |a slo 
100 1 |a Meliško, Michal  |u 055150  |4 aut  |U FAD Fakulta architektúry a dizajnu  |T FAD Ústav interiéru a výstavníctva  |X 88082  |U A5150  |Y 396  |7 88082 
242 0 1 |a Umelka - interior  |y eng 
245 1 0 |a Umelka - interiér 
260 |c 2022  |a Bratislava 
650 4 |a gastronomická prevádzka  |2 slo 
650 4 |a interiérový dizajn  |2 slo 
650 4 |a galéria  |2 slo 
650 4 |a výstavníctvo  |2 slo 
650 4 |a Umelka  |2 slo 
650 4 |a interior design  |2 eng 
650 4 |a Umelka  |2 eng 
650 4 |a gallery  |2 eng 
650 4 |a gastronomic facility  |2 eng 
650 4 |a exhibition  |2 eng 
700 1 |a Mazalán, Peter  |u 055150  |k Z1  |4 ths  |U FAD Fakulta architektúry a dizajnu  |T FAD Ústav interiéru a výstavníctva  |X 17958  |U A5150  |Y 396  |7 A000017958 
856 4 |u http://is.stuba.sk/zp/portal_zp.pl?podrobnosti=165260  |u https://opac.crzp.sk/?fn=detailBiblioForm&sid=228C7CD165D66AC755D449FE85CA